| 000 | 00512nam a2200181Ia 4500 | ||
|---|---|---|---|
| 008 | 090122s9999 xx 000 0 und d | ||
| 082 |
_b601 _aO155:9 |
||
| 100 |
_aदेशमुख _bमा _cगो |
||
| 245 | _aसाहित्य तोलन | ||
| 260 |
_bमाग्रस _c1974 |
||
| 300 | _a248 | ||
| 501 | _a-- | ||
| 600 | _aदेशमुख | ||
| 630 | _aसाहित्य तोलन | ||
| 700 | _aदेशमुख | ||
| 730 | _aसाहित्य तोलन | ||
| 942 | _cBOOK | ||
| 999 |
_c24679 _d24679 |
||